Carlos Doebeli
Imperial B
Categories
Science - Physics | 0 | 4 | 0 | 0 | 40 | 69 | 79.25 | 1 | 2 |
Literature - World Literature | 0 | 3 | 1 | 1 | 25 | 25 | 95.00 | 1 | 1 |
Science - Chemistry | 0 | 2 | 0 | 2 | 20 | 105 | 114.50 | 0 | 0 |
Literature - American Literature | 0 | 2 | 1 | 1 | 15 | 98 | 124.00 | 0 | 0 |
Science - Biology | 0 | 1 | 0 | 0 | 10 | 70 | 70.00 | 0 | 1 |
Fine Arts - Classical Music | 0 | 1 | 0 | 0 | 10 | 132 | 132.00 | 0 | 1 |
Fine Arts - Other Fine Arts | 0 | 1 | 0 | 1 | 10 | 131 | 131.00 | 0 | 0 |
History - American History | 0 | 1 | 0 | 0 | 10 | 127 | 127.00 | 0 | 0 |
History - European History | 0 | 1 | 0 | 1 | 10 | 142 | 142.00 | 0 | 0 |
Literature - European Literature | 0 | 0 | 1 | 0 | -5 | 0.00 | 0 | 0 | |
Science - Other Science | 0 | 0 | 2 | 0 | -10 | 0.00 | 0 | 0 |